000 00849nam a2200265Ia 4500
003 OSt
005 20221005033614.0
006 a|||||r|||| 00| 0
007 ta
008 221004b |||||||| |||| 00| 0 eng d
020 _a8121508762 (pbk)
_c200
024 _a89989
037 _b449, 13/03/2008, University Book House
_cTextual
040 _aCRL
_cCRL
_beng
041 _2eng
_aeng
082 _aW:3(Q), N8
100 _aChandel Bhuvan Ed.
245 0 _aCultural traditions and the ida of secularization
260 _aDelhi
_bCentre for studies in civilizations India
_c1998
300 _a136p.
_ccm.
650 _aPOLITICAL SCIENCE
700 _a Kucuradi Ioanna Ed.
_9579636
942 _hW:3(Q), N8
_cTEXL
_2cc
999 _c941823
_d941823